[Event "Tournoi francophone 005 Groupe E"]
[Site "Skype"]
[Date "????.??.??"]
[Round "7.5"]
[White "Gabriele, Noel"]
[Black "Bustos, Ricardo"]
[Result "0-1"]
[WhiteElo "1325"]
[BlackElo "1318"]
[PlyCount "56"]

1. Nf3 d5 2. d4 e6 3. a3 Nf6 4. e3 Nbd7 5. Bb5 c6 6. Ba4 b5 7. Bb3 a5 8. O-O a4
9. Ba2 Be7 10. Ne5 c5 11. Nc6 Qc7 12. Nxe7 Kxe7 13. Nd2 Re8 14. Nf3 Kf8 15. c3
Kg8 16. Bb1 cxd4 17. cxd4 Ba6 18. Re1 Rac8 19. Bd3 Qb8 20. Qd2 Ne4 21. Bxe4
dxe4 22. Ng5 Nf6 23. Qe2 h6 24. Nh3 Qb7 25. Nf4 b4 26. Qd1 b3 27. Bd2 Qb5 28.
Nh5 Nxh5 0-1

[Event "Tournoi francophone 005 Groupe E"]
[Site "Skype"]
[Date "????.??.??"]
[Round "8.1"]
[White "Lemoine, Gerard"]
[Black "Bustos, Ricardo"]
[Result "0-1"]
[WhiteElo "1297"]
[BlackElo "1318"]
[PlyCount "80"]

1. d4 Nf6 2. c4 e5 3. Nc3 exd4 4. Qxd4 Nc6 5. Qe3+ Be7 6. Nf3 O-O 7. a3 a6 8.
Nd5 Nxd5 9. cxd5 Nb8 10. b4 c6 11. dxc6 Nxc6 12. Bb2 Re8 13. Rc1 Bxb4+ 14. axb4
Rxe3 15. fxe3 d5 16. Nd2 Nxb4 17. e4 dxe4 18. Nxe4 Qh4+ 19. Nf2 Na2 20. g3 Qb4+
21. Bc3 Nxc3 22. Nd3 Qa5 23. e3 Na2+ 24. Kf2 Nxc1 25. Nxc1 Bf5 26. Be2 Rd8 27.
Bf3 b5 28. Ne2 Rd2 29. Rc1 h6 30. Rc5 Bd3 31. Rc8+ Kh7 32. Rc5 Bxe2 33. Bxe2
Qa2 34. Rf5 Rxe2+ 35. Kf1 Rxe3 36. Rf2 Qb1+ 37. Kg2 Re1 38. Rxf7 Rg1+ 39. Kh3
Qg6 40. Rf3 Qh5# 0-1

[Event "Tournoi francophone 005 Groupe E"]
[Site "Skype"]
[Date "????.??.??"]
[Round "8.2"]
[White "Vervoort, Jean-Louis"]
[Black "Gabriele, Noel"]
[Result "0-1"]
[WhiteElo "1209"]
[BlackElo "1325"]
[PlyCount "39"]

1. d4 Nf6 2. c4 e6 3. Nc3 c6 4. Nf3 Bb4 5. Qc2 O-O 6. Bg5 h6 7. Bxf6 Qxf6 8. e3
d5 9. c5 Nd7 10. Bd3 Qe7 11. O-O e5 12. Nxe5 Nxe5 13. dxe5 Qxe5 14. a3 Bxc5 15.
b4 Bd6 16. g3 f5 17. Rfe1 Qf6 18. Ne2 h5 19. Kh1 h4 20. Rf1 0-1

[Event "Tournoi francophone 005 Groupe E"]
[Site "Skype"]
[Date "????.??.??"]
[Round "8.3"]
[White "Bucherie, Volcy"]
[Black "Guillaume, Mickael"]
[Result "1-0"]
[WhiteElo "1236"]
[BlackElo "1353"]
[PlyCount "85"]

1. d4 d5 2. c4 dxc4 3. Nc3 e6 4. Nf3 Nc6 5. Bf4 Bd6 6. Bxd6 Qxd6 7. Ne4 Qe7 8.
e3 b5 9. Nc3 a6 10. Ne4 Nf6 11. Nxf6+ Qxf6 12. Bxc4 bxc4 13. Qa4 Bd7 14. Qxc4
O-O 15. O-O a5 16. a3 Rab8 17. Rab1 Rfc8 18. Rfd1 Ne7 19. Qa6 Ra8 20. Qb7 Bc6
21. Qb3 Bxf3 22. gxf3 Qxf3 23. Rd2 Qg4+ 24. Kf1 Qh3+ 25. Ke1 Qxh2 26. f4 Qh1+
27. Ke2 Qxb1 28. Rd1 Qe4 29. Qc4 Nd5 30. Qb5 Qxe3+ 31. Kf1 Qxf4+ 32. Ke2 Qe4+
33. Kd2 Qxd4+ 34. Kc1 Qe3+ 35. Kc2 Qe2+ 36. Qxe2 Rab8 37. Qa6 Ne3+ 38. Kd2 Nxd1
39. Kxd1 Rxb2 40. Qxa5 Rd8+ 41. Kc1 Rb7 42. a4 Rd5 43. Qa8+ 1-0

[Event "Tournoi francophone 005 Groupe E"]
[Site "Skype"]
[Date "????.??.??"]
[Round "8.5"]
[White "Dhenain, Sebastien"]
[Black "Riviere, Perrine"]
[Result "1/2-1/2"]
[WhiteElo "1230"]
[BlackElo "1245"]
[PlyCount "181"]

1. e4 d5 2. exd5 Qxd5 3. Nc3 Qa5 4. Qe2 Nf6 5. Qb5+ Nc6 6. Nf3 Bf5 7. Qxb7 Rb8
8. Qxc6+ Bd7 9. Qc4 e6 10. d4 Be7 11. Ne5 Nd5 12. Nxd7 Kxd7 13. Bd2 Bb4 14. Qa6
Rhc8 15. Qxa5 Bxa5 16. Be2 Nxc3 17. Bxc3 Bxc3+ 18. bxc3 Rb2 19. Bd3 Rcb8 20.
O-O Kd6 21. Bxh7 g6 22. c4 Ke7 23. d5 Kf6 24. h3 Kg7 25. Bxg6 Kxg6 26. Rfe1
Rxc2 27. dxe6 fxe6 28. Rxe6+ Kf7 29. Rae1 Rbb2 30. Re7+ Kf6 31. R1e6+ Kf5 32.
g4+ Kf4 33. Rf6+ Kg5 34. Rf5+ Kg6 35. Re6+ Kg7 36. Re7+ Kg6 37. Re6+ Kg7 38.
Re7+ Kg6 39. Rc5 Rb1+ 40. Kg2 Rbb2 41. Re6+ Kf7 42. Rec6 Rxf2+ 43. Kg3 Rxa2 44.
Rxc7+ Ke6 45. R5c6+ Ke5 46. Re7+ Kd4 47. Rd6+ Kxc4 48. Rc7+ Kb3 49. Rb6+ axb6
50. Rb7 Rg2+ 51. Kf4 Rae2 52. Rxb6+ Kc4 53. Rc6+ Kd5 54. Rc8 Rgf2+ 55. Kg5 Re5+
56. Kh4 Ke4 57. Rc4+ Kf3 58. Rc3+ Kg2 59. Rg3+ Kh2 60. g5 Rg2 61. Rxg2+ Kxg2
62. Kh5 Kxh3 63. Kg6 Kg4 64. Kf6 Kf4 65. g6 Re4 66. g7 Kf3 67. g8=Q Rf4+ 68.
Ke7 Rf5 69. Qb3+ Ke4 70. Qc2+ Ke5 71. Qe2+ Kf4 72. Qc4+ Ke3 73. Ke6 Rh5 74.
Qc3+ Ke4 75. Qc6+ Kd4 76. Qd6+ Ke4 77. Qc6+ Kd4 78. Qd6+ Kc4 79. Qc6+ Kd3 80.
Qf3+ Kd4 81. Qxh5 Kd3 82. Kd5 Ke3 83. Qe5+ Kf3 84. Qf5+ Ke3 85. Qe5+ Kd3 86.
Qe4+ Kc3 87. Qd4+ Kb3 88. Kc5 Kc2 89. Kc4 Kc1 90. Qc3+ Kd1 91. Kd3 1/2-1/2

[Event "Tournoi francophone 005 Groupe E"]
[Site "Skype"]
[Date "????.??.??"]
[Round "9.1"]
[White "Riviere, Perrine"]
[Black "Lemoine, Gerard"]
[Result "0-1"]
[WhiteElo "1245"]
[BlackElo "1297"]
[PlyCount "48"]

1. e4 e6 2. Nf3 d5 3. exd5 exd5 4. d4 c5 5. dxc5 Bxc5 6. Bb5+ Nc6 7. O-O Nf6 8.
Bg5 O-O 9. Re1 Qb6 10. Nc3 Bxf2+ 11. Kf1 Bxe1 12. Qxe1 Ne4 13. Be3 Qc7 14. Nxd5
Qd8 15. Nf4 Re8 16. Bxc6 bxc6 17. Kg1 a5 18. Nd3 Bg4 19. Qf1 Bxf3 20. Qxf3 Ng5
21. Bxg5 Qxg5 22. Qxc6 Rac8 23. Qa4 Qd2 24. Nf2 Re1+ 0-1

[Event "Tournoi francophone 005 Groupe E"]
[Site "Skype"]
[Date "????.??.??"]
[Round "9.3"]
[White "Guillaume, Mickael"]
[Black "Rodriguez, Nathalie"]
[Result "1-0"]
[WhiteElo "1353"]
[BlackElo "1252"]
[PlyCount "61"]

1. e4 e5 2. Nf3 Nc6 3. Bc4 Nf6 4. d3 d5 5. Bxd5 Nxd5 6. exd5 Qxd5 7. Nc3 Qd6 8.
a3 Be7 9. O-O O-O 10. Re1 Bf6 11. Bg5 Qe7 12. Re4 Bxg5 13. Nd5 Qd8 14. Nc3 f5
15. Re2 Nd4 16. Rxe5 Bf4 17. Ra5 b6 18. Ra4 Bd7 19. Rxd4 Bd6 20. Qe1 Re8 21.
Qd2 Re7 22. Re1 Qf8 23. Nd5 Re6 24. Nxc7 Bxc7 25. Rxd7 Bd6 26. Rxe6 Bc5 27. Qf4
Qc8 28. Qc7 Qxc7 29. Rxc7 Rf8 30. Rec6 Re8 31. Rc8 1-0

[Event "Tournoi francophone 005 Groupe E"]
[Site "Skype"]
[Date "????.??.??"]
[Round "9.4"]
[White "Gabriele, Noel"]
[Black "Bucherie, Volcy"]
[Result "1-0"]
[WhiteElo "1325"]
[BlackElo "1236"]
[PlyCount "95"]

1. Nf3 Nf6 2. Nc3 a6 3. e4 c6 4. d4 d5 5. e5 Ne4 6. Nd2 Bf5 7. f3 Nxc3 8. bxc3
Nd7 9. Be2 e6 10. O-O Be7 11. f4 O-O 12. g4 Be4 13. Nxe4 dxe4 14. f5 Qa5 15.
Qd2 h6 16. Qe1 Nb6 17. f6 gxf6 18. exf6 Bxf6 19. Rxf6 Nd5 20. Rxh6 e3 21. Bb2
Kg7 22. Rh5 Kg6 23. Bd3+ f5 24. Qh4 Nf4 25. Qg5+ Kf7 26. Qxf4 Ke7 27. gxf5 Rg8+
28. Kf1 Raf8 29. Qxe3 Kd6 30. Qxe6+ Kc7 31. Rh7+ Kb6 32. Qb3+ Qb5 33. Bxb5
Rxf5+ 34. Ke2 Rg2+ 35. Kd3 Rxb5 36. Qa3 Ra5 37. Qe7 Rb5 38. Qxb7+ Ka5 39. Qxc6
Rxb2 40. Qxg2 Rb5 41. Rh4 Rb2 42. d5 Rb6 43. Qg4 Rd6 44. Qa4+ Kb6 45. Qb4+ Kc7
46. Rh7+ Rd7 47. d6+ Kd8 48. Qb8# 1-0

[Event "Tournoi francophone 005 Groupe E"]
[Site "Skype"]
[Date "????.??.??"]
[Round "9.5"]
[White "Bustos, Ricardo"]
[Black "Vervoort, Jean-Louis"]
[Result "0-1"]
[WhiteElo "1318"]
[BlackElo "1209"]
[PlyCount "60"]

1. d4 d5 2. Bf4 Bf5 3. e3 e6 4. Nf3 Nf6 5. Nbd2 Bb4 6. c3 Ba5 7. b4 Bb6 8. a4
c6 9. a5 Bc7 10. Ne5 Bxe5 11. dxe5 Nh5 12. Bg3 O-O 13. Qxh5 g6 14. Qd1 Nd7 15.
Bd3 Bxd3 16. Nf3 Bf5 17. Nd4 Qg5 18. Nxf5 Qxf5 19. O-O Nxe5 20. Bxe5 Qxe5 21.
Qd4 Qg5 22. f4 Qf5 23. Rad1 Rfd8 24. Qd3 Kh8 25. Qxf5 gxf5 26. Rd3 Rg8 27. g3
h5 28. h4 Rxg3+ 29. Kh2 Rag8 30. Rd2 Rxe3 0-1